| 000 | 00519nam a2200157Ia 4500 | ||
|---|---|---|---|
| 008 | 090124s9999 xx 000 0 und d | ||
| 082 | _b303768 | ||
| 245 | _a स्मृति - लहरी | ||
| 250 | _a3 | ||
| 260 |
_b"चिटणीस अशोक , शुभा चिटणीस" _c1996 |
||
| 300 | _a141 | ||
| 630 | _a स्मृति - लहरी | ||
| 700 | _a"चिटणीस अशोक , शुभा चिटणीस" | ||
| 730 | _a स्मृति - लहरी | ||
| 942 | _cBOOK | ||
| 999 |
_c193405 _d193405 |
||